00452nam a2200145Ia 4500003000900000008004100009020002600050020002700076040001600103100002200119245004700141260003200188300002000220856006600240IN-BaIIA211028s9999 xx s 000 0 eng d a9780819417893 (Print) a9781510637177 (Online) cIIA Library aDougherty, Edward 0aIntroduction to Real-Time Imagingh[eBook] aWashington, USAbSPIEc1994 aOnline resource uhttps://doi.org/10.1117/3.2570712yClick Here to Access eBook